000 00858nam a2200265Ia 4500
003 OSt
005 20220928113718.0
006 a|||||r|||| 00| 0
007 ta
008 220927b |||||||| |||| 00| 0 eng d
020 _c7100.8000000000002
024 _a116871
037 _b183, 20/09/2012, Classic Book Service
_cTextual
040 _aSDCL
_cSDCL
_beng
041 _2eng
_aeng
082 _aX:(G:55).6'P, Q2
100 _aFalola Toyin Ed.
_9434650
245 0 _aLandscape,environment and technology in colonial and postcolonial Africa.
260 _aNew York
_b Routledge
_c2012
300 _avii,342p
_ccm.
650 _aHistory
700 _a Brownell Emily Ed.
_9434651
942 _hX:(G:55).6'P, Q2
_cTEXL
_2CC
999 _c750951
_d750951